| 000 | 01315cam a22003737a 4500 | ||
|---|---|---|---|
| 003 | CHAP | ||
| 005 | 20220817043753.0 | ||
| 008 | 010517d1998 mx r 00110 spa d | ||
| 010 | _a83924 | ||
| 011 | _a84896 | ||
| 020 | _a9684272057 | ||
| 035 | _a95422 | ||
| 040 | _cCHAP | ||
| 082 | 0 | 4 |
_a338.542 _bA3 1998 |
| 100 | 0 | 0 |
_aAguilar Monteverde, Alonso. _92774 |
| 245 | 1 | 0 |
_aMéxico y América Latina : _bcrisis-globalizacion-alternativas _c/por Alonso Aguilar Monteverde {y otros} |
| 250 | _a2 ed. | ||
| 260 |
_aMéxico, D.F. : _bNuestro Tiempo, _c1998- |
||
| 300 | _av. | ||
| 500 | _aLa biblioteca tiene: v.1 Problemas económicos | ||
| 590 |
_aBATCH-UPD _b10 _c20130110 _lUCH01 _h1028 |
||
| 590 |
_aBATCH-UPD _b10 _c20130410 _lUCH01 _h0631 |
||
| 590 |
_aBATCH-UPD _b10 _c20130914 _lUCH01 _h1058 |
||
| 590 |
_aCONVERSION _b10 _c20130109 _lUCH01 _h1347 |
||
| 650 | 1 | 4 |
_aCrisis económica. _928975 |
| 650 | 1 | 4 | _aDesarrollo económico. |
| 650 | 1 | 4 |
_aGlobalización. _948300 |
| 901 | _aBK | ||
| 905 | _aLilia Sánchez G. | ||
| 942 | _cLIBRO | ||
| 949 |
_a338.542 A3 1998 _bBC _cLIBRO _d33724000823969 _eLIBRO _fv.1 c.3 _h100133 _i95422 _sb |
||
| 949 |
_a338.542 A3 1998 _bBC _cLIBRO _d33724000824025 _eLIBRO _fv.1 c.2 _h100132 _i95422 _si |
||
| 949 |
_a338.542 A3 1998 _bBC _cLIBRO _d33724000824082 _eLIBRO _fv.1 _h100131 _i95422 _si |
||
| 999 |
_c83924 _d83924 |
||